| 000 | 00728cab a2200205 4500 | ||
|---|---|---|---|
| 001 | ABS38939 | ||
| 008 | 090401t1988 xxu||||| |||| 00| 0 eng d | ||
| 035 | _a(Sirsi) u13434 | ||
| 041 | _aeng | ||
| 100 | _aDenyer-Green, Barry P. D. | ||
| 245 | _aHousing and Planning Act: SPZ and local plan provisions | ||
| 260 | _c1988 | ||
| 350 | _a0 | ||
| 490 |
_aEstates Gazette _v(8810) 12 March 1988, 20-24(3) |
||
| 520 | _aExplains the two most important provisions of the Housing and Planning Act 1986 which have only recently come into force: simplified planning zones and changes relating to the preparation of local plans . | ||
| 650 | _aPLANNING | ||
| 690 | _aPLANNING LAW AND PRACTICE | ||
| 942 | _n0 | ||
| 948 | _c04/03/1997 | ||
| 999 |
_c8662 _d8662 |
||